| 000 | 01226nam a22003378i 4500 | ||
|---|---|---|---|
| 001 | 021669536 | ||
| 003 | EG-ScBUE | ||
| 005 | 20260210100729.0 | ||
| 008 | 250908s2026 enka f b 001 0 eng d | ||
| 020 | _a9781032987309 | ||
| 040 |
_aStDuBDS _beng _erda _cStDuBDS _dEG-ScBUE |
||
| 082 | 0 | 4 |
_a658.4063 _222 _bREZ |
| 100 | 1 |
_aRezaee, Zabihollah, _d1953- _eauthor. |
|
| 245 | 1 | 0 |
_aAI for sustainable business : _bleveraging technology for a better future / _cZabihollah Rezaee, Salem Boumediene, Saeid Homayoun, Salma Boumediene. |
| 264 | 1 |
_aLondon : _bRoutledge, _c2026. |
|
| 300 |
_a392 pages : _billustrations (black and white) ; _c24 cm |
||
| 336 |
_atext _2rdacontent _btxt |
||
| 336 |
_astill image _2rdacontent _btxt |
||
| 337 |
_aunmediated _2rdamedia _bn |
||
| 338 |
_avolume _2rdacarrier _bnc |
||
| 504 | _aIncludes bibliographical references and index. | ||
| 650 | 7 |
_aArtificial intelligence _xBusiness applications. _2BUEsh |
|
| 650 | 7 |
_aSustainable development. _2BUEsh |
|
| 653 |
_cFebruary2026 _bBUSADM |
||
| 655 | _vReading book | ||
| 700 | 1 |
_aBoumediene, Salem, _eauthor. |
|
| 700 | 1 |
_aHomayoun, Saeid, _eauthor. |
|
| 700 | 1 |
_aBoumediene, Salma, _eauthor. |
|
| 942 |
_2ddc _cBB |
||
| 999 |
_c31105 _d31076 |
||